<?xml version="1.0" encoding="UTF-8"?>
<record
    xmlns:xsi="http://www.w3.org/2001/XMLSchema-instance"
    xsi:schemaLocation="http://www.loc.gov/MARC21/slim http://www.loc.gov/standards/marcxml/schema/MARC21slim.xsd"
    xmlns="http://www.loc.gov/MARC21/slim">

  <leader>03264pam a2200337 i 4500</leader>
  <controlfield tag="001">991026791004407026</controlfield>
  <controlfield tag="003">UkOxU</controlfield>
  <controlfield tag="005">20260127150746.0</controlfield>
  <controlfield tag="008">240503t20242023enk      b    001 0 eng d</controlfield>
  <datafield tag="020" ind1=" " ind2=" ">
    <subfield code="a">9781529160222</subfield>
    <subfield code="q">paperback</subfield>
  </datafield>
  <datafield tag="040" ind1=" " ind2=" ">
    <subfield code="a">UkOxU</subfield>
    <subfield code="b">eng</subfield>
    <subfield code="e">rda</subfield>
    <subfield code="c">UkOxU</subfield>
  </datafield>
  <datafield tag="041" ind1=" " ind2=" ">
    <subfield code="a">en</subfield>
  </datafield>
  <datafield tag="100" ind1=" " ind2=" ">
    <subfield code="a">Tulleken, Chris van,</subfield>
    <subfield code="d">1978-</subfield>
    <subfield code="e">author.</subfield>
  </datafield>
  <datafield tag="245" ind1="1" ind2="0">
    <subfield code="a">Ultra-processed people </subfield>
    <subfield code="b">: why do we all eat stuff that isn't food ... and why can't we stop? </subfield>
    <subfield code="c">/ Chris van Tulleken.</subfield>
  </datafield>
  <datafield tag="264" ind1=" " ind2="1">
    <subfield code="a">London :</subfield>
    <subfield code="b">Penguin Books,</subfield>
    <subfield code="c">2024.</subfield>
  </datafield>
  <datafield tag="300" ind1=" " ind2=" ">
    <subfield code="a">406 pages ;</subfield>
    <subfield code="c">20 cm.</subfield>
  </datafield>
  <datafield tag="500" ind1=" " ind2=" ">
    <subfield code="a">Originally published by Cornerstone Press: 2023.</subfield>
  </datafield>
  <datafield tag="500" ind1=" " ind2=" ">
    <subfield code="a">Published in Penguin Books in 2024.</subfield>
  </datafield>
  <datafield tag="500" ind1=" " ind2=" ">
    <subfield code="a">"Now with a new chapter"--Back cover.</subfield>
  </datafield>
  <datafield tag="500" ind1=" " ind2=" ">
    <subfield code="a">"Afterword &#x266D; Chris van Tulleken, 2024"-- Title page verso.</subfield>
  </datafield>
  <datafield tag="500" ind1=" " ind2=" ">
    <subfield code="a">Place of publication taken from publisher's website.</subfield>
  </datafield>
  <datafield tag="504" ind1=" " ind2=" ">
    <subfield code="a">Includes bibliographical references and index.</subfield>
  </datafield>
  <datafield tag="505" ind1=" " ind2=" ">
    <subfield code="a">Part 1 &#x2014; What are ultra-processed foods?

&#x2014; How food processing evolved
&#x2014; The NOVA classification explained
&#x2014; Why ultra-processed food is fundamentally different from &#x201C;real&#x201D; food

Part 2 &#x2014; How ultra-processed food affects the body

&#x2014; Effects on hunger, satiety, and metabolism
&#x2014; Links to obesity, diabetes, and chronic disease
&#x2014; What happens in the gut and microbiome

Part 3 &#x2014; Why we can&#x2019;t stop eating it

&#x2014; Food engineering, additives, and texture
&#x2014; Hyper-palatability and addiction-like behaviour
&#x2014; Marketing strategies and &#x201C;health washing&#x201D;

Part 4 &#x2014; Industry, policy, and power

&#x2014; How large food companies influence diets
&#x2014; Conflicts of interest in nutrition research
&#x2014; Why personal choice is not enough

Part 5 &#x2014; What can be done

&#x2014; Practical ways to reduce ultra-processed foods
&#x2014; Policy and institutional solutions
&#x2014; Rethinking the food system.</subfield>
  </datafield>
  <datafield tag="520" ind1=" " ind2=" ">
    <subfield code="a">Brought to you by Penguin. This audiobook contains exclusive bonus content between Drs Chris and Xand van Tulleken, where they deep-dive into what you've just listened to at the end of each part. An eye-opening investigation into the science, economics, history and production of ultra-processed food. It's not you, it's the food. We have entered a new 'age of eating' where most of our calories come from an entirely novel set of substances called Ultra-Processed Food, food which is industrially processed and designed and marketed to be addictive. But do we really know what it's doing to our bodies? Join Chris in his travels through the world of food science and a UPF diet to discover what's really going on. Find out why exercise and willpower can't save us, and what UPF is really doing to our bodies, our health, our weight, and the planet (hint: nothing good). For too long we've been told we just need to make different choices, when really we're living in a food environment that makes it nigh-on impossible. So this is a book about our rights. The right to know what we eat and what it does to our bodies and the right to good, affordable food. </subfield>
  </datafield>
  <datafield tag="650" ind1=" " ind2="0">
    <subfield code="a">Processed foods.</subfield>
  </datafield>
  <datafield tag="650" ind1=" " ind2="0">
    <subfield code="a">Food additives.</subfield>
    <subfield code="9">26673</subfield>
  </datafield>
  <datafield tag="650" ind1=" " ind2="0">
    <subfield code="a">Food industry and trade</subfield>
    <subfield code="9">12037</subfield>
  </datafield>
  <datafield tag="650" ind1=" " ind2="0">
    <subfield code="a">Food science.</subfield>
    <subfield code="9">26674</subfield>
  </datafield>
  <datafield tag="650" ind1=" " ind2="0">
    <subfield code="a">Nutrition</subfield>
    <subfield code="9">12876</subfield>
  </datafield>
  <datafield tag="942" ind1=" " ind2=" ">
    <subfield code="2">lcc</subfield>
  </datafield>
  <datafield tag="952" ind1=" " ind2=" ">
    <subfield code="0">0</subfield>
    <subfield code="1">0</subfield>
    <subfield code="2">lcc</subfield>
    <subfield code="4">0</subfield>
    <subfield code="7">0</subfield>
    <subfield code="a">TBS</subfield>
    <subfield code="b">TBS</subfield>
    <subfield code="d">2026-01-27</subfield>
    <subfield code="l">0</subfield>
    <subfield code="o">TX341 TUL</subfield>
    <subfield code="r">2026-01-27</subfield>
    <subfield code="t">1</subfield>
    <subfield code="w">2026-01-27</subfield>
    <subfield code="y">1</subfield>
    <subfield code="z">SOON AVAILABLE</subfield>
  </datafield>
  <datafield tag="999" ind1=" " ind2=" ">
    <subfield code="c">5304</subfield>
    <subfield code="d">5304</subfield>
  </datafield>
</record>
